000 00515nam a2200193Ia 4500
008 240510s9999 xx 000 0 und d
020 _a0000138543240
041 _aEng
082 _a004.21
082 _bD58
100 _aDOWNS, Ed & CLARE, Peter & COE, Ian
245 0 _aStructured systems analysis and design method : application and context
260 _bNew York : Prentice Hall
260 _c1988
300 _a215 p.
650 _asystems analysis : system design
942 _2ddc
942 _cLBK
999 _c24809
_d24809
945 _a1
_bMadushi Gamage
_c1
_dMadushi Gamage